Broad Knowledge Quiz #4 - Statistics

General Stats
  • This quiz has been taken 1,893 times
  • The average score is 6 of 15
Answer Stats
Hint Answer % Correct
What man-made feature runs through Panama? The Panama canal
77%
Name the great Spanish artist who painted "Guernica". Pablo Picasso
67%
What US president is falsely said to have wooden teeth? George Washington
65%
What does AC stand for in the electronic term, AC/DC? Alternating current
61%
Finish the old saying, "A bird in the hand..." Is worth two in the bush.
61%
What is the typical number of chromosomes in a human cell? 46
58%
How long did Moses and the Israelites wander in the desert? 40 years
56%
What famous book was penned by Vladimir Nabokov in 1955? Lolita
35%
What TV character routinely called his wife a "dingbat"? Archie Bunker
26%
What bay is known for having the greatest difference between high and low tide? Bay of Fundy
23%
What infamous pass trapped a group of 81 American pioneers in the Sierra Nevadas? The Donner pass
21%
In the US, what animal does the term "polecat" refer to? Skunk
20%
The two overhead lifts that comprise Olympic weightlifting competition are the clean and jerk and what? The snatch
18%
Who sang, "Knock three times on the ceiling if you want me"? Tony Orlando
17%
What is applied to an artist's canvas to prepare the surface for painting? Gesso
8%
No matching quizzes found
Score Distribution
Percent of People with Each Score
Percentile by Number Answered
Your Score History
You have not taken this quiz